000 00329nam a2200133Ia 4500
008 150301s2015 xx 000 0 und d
082 _a615.1
_bE13D
100 _aDEDIPRAO DERLE
245 _aESSNTIALS OF PHARMACEUTICAL ENGEENIARING
260 _bPHARMA MED PRESS
300 _a292
650 _aPHARMACEUTICS
942 _2ddc
_cBK
999 _c7213
_d7213